000 00266nam a22001217a 4500
003 SGT
082 _a340
_bT15T
100 _aTHAPAR, ROMILA
245 _a THE PUBLIC INTELLECTUAL IN INDIA
260 _b ALEPH BOOK COMPANY
_c2015
300 _a170
942 _2ddc
_cBK
999 _c31919
_d31919